000 01148cam a22003497a 4500
003 CHAP
005 20220329133353.0
008 971013s1992 r 00010 d
010 _a5571
011 _a6543
035 _a5763
040 _cCHAP
090 _aTesis
100 0 0 _aBecerra Moreno, Antonio.
_911146
245 1 3 _aLa erosión y el factor humano en Coatlinchán, Estado de México
260 _aMontecillo, Méx. :
_bEl autor,
_c1992
300 _a169 h.
502 _aTesis (M.C. Esp. en Edafología) -- CP. Centro de Edafología
590 _aALEPH
_b10
_c20130110
_lUCH01
_h1216
590 _aBATCH-UPD
_b10
_c20130110
_lUCH01
_h0936
590 _aBATCH-UPD
_b10
_c20130410
_lUCH01
_h0554
590 _aBATCH-UPD
_b10
_c20130914
_lUCH01
_h0550
590 _aCONVERSION
_b10
_c20130109
_lUCH01
_h1304
650 1 4 _aErosión.
_937335
650 1 4 _aErosión
_xPrevención y control.
_937337
650 1 4 _aSuelos
_xDegradación.
_9110336
901 _aBK
942 _cFOLL
949 _bBC
_cTES
_d-15358
_eTS1
_h25041
_i5763
_si
949 _bBC
_cTES
_d-75649
_eTS2
_fc.2
_h25042
_i5763
_si
949 _bBC
_cTES
_d-75652
_eTS2
_fc.3
_h25043
_i5763
_si
999 _c5571
_d5571